000 00436nam a2200157 i 4500
001 134501
003 ES-MaACL
005 20230906194704.0
007 t|
008 070911s1920 gw ||||1| ger d
100 1 _aWeber, Max.
_9116265
245 1 0 _aGesammelte Aufsèatze zur Religionssoziologie /
_cvon Max Weber.
260 _aTübingen :
_b[s.n.],
_c1920 (
_fH. Laupp)
300 _a3 v. ;
_c24 cm.
852 _aES-MaACL
_jG-1456-8
999 _c134501
_d134501